000 00636nam a2200205Ia 4500
005 20250508165301.0
008 008 250505s9999 xx 000 0 eng d
020 _a978-0-521-15179-5
037 _aTextBook
040 _aFEDL
_beng
_cFEDL
041 _aeng
_2eng
084 _a618.928 5, HAN/R
_qFEDL
100 _aHaney Michelle R
_9603125
245 0 _aUnderstanding children with autism spectrum disorders: Educators partnering with families
260 _aThousand Oaks, Calfornia
_bSage
_c2013
300 _axxiv, 397p.
365 _aUSD
_b45
942 _cTB
_h618.928 5, HAN/R
999 _c1394219
_d1394219